Пропуск в контексте

Современное государство: подходы к осмыслению сущности, формы и содержания Монография

В монографии рассматриваются проблемы сущности содержания и формы современного государства в оптике политико-правовых исследований эпохи постмодерна. Теоретическую основу составляют политико-правовые доктрины посвященные проблематике сущности содержания и формы современного государства. Монография т...

תיאור מלא

שמור ב:
מידע ביבליוגרפי
מחבר ראשי: Филин А.Ю
פורמט: Монография
מהדורה:1
סדרה:Научная мысль
גישה מקוונת:https://znanium.ru/catalog/document?id=452334
https://znanium.ru/cover/2141/2141102.jpg
תגים: הוספת תג
אין תגיות, היה/י הראשונ/ה לתייג את הרשומה!
LEADER 03781nam0a2200325 i 4500
001 RU\infra-m\znanium\bibl\2141102
003 https://znanium.ru/catalog/document?id=452334
005 20250415000000.0
010 |a 978-5-16-019856-9 
010 |a 978-5-16-112394-2  |b электр. издание 
100 |a 20250415d2024 m y0rusy0150 ca 
101 0 |a rus 
102 |a RU 
200 1 |a Современное государство: подходы к осмыслению сущности, формы и содержания  |e Монография  |f Московский государственный юридический университет им. О.Е. Кутафина 
205 |a 1 
210 1 |a Москва  |c ООО "Научно-издательский центр ИНФРА-М"  |d 2025 
215 |a 174 с. 
225 1 |a Научная мысль 
330 |a В монографии рассматриваются проблемы сущности содержания и формы современного государства в оптике политико-правовых исследований эпохи постмодерна. Теоретическую основу составляют политико-правовые доктрины посвященные проблематике сущности содержания и формы современного государства. Монография также базируется на обобщенном опыте исследования практической деятельности государственных органов и международных организаций. Проблематика исследования не получила достаточной разработки в отечественной политико-правовой науке. В этой связи читателю представлены результаты системного анализа отечественных и зарубежных политико-правовых учений второй половины ХХ — начала XXI века оказавших наиболее значительное влияние на развитие теории государства. Рекомендуется студентам аспирантам преподавателям государственным и муниципальным служащим и всем тем кто интересуется проблемами экономики политики и права а также занимается научной деятельностью в области политико-правовых дисциплин и истории политических и правовых учений. 
333 |a Дополнительное профессиональное образование 
606 |a Право. Юридические науки  |x Конституционное (государственное) право  |2 local 
608 |a Монография  |2 local 
675 |a 342+32(075.4)  |z rus 
686 |a 67.400:66.2  |2 rubbk 
686 |a 40.04.01  |2 okso 
686 |a 40.06.01  |2 okso 
700 1 |a Филин  |b А.Ю.  |g Андрей Юрьевич  |p Московский государственный юридический университет им. О.Е. Кутафина 
801 0 |a RU  |b Общество с ограниченной ответственностью «ЗНАНИУМ»  |c 20240226  |2 rusmarc 
856 4 |a znanium.ru  |m ebs_support@infra-m.ru  |n НИЦ ИНФРА-М  |u https://znanium.ru/catalog/document?id=452334 
856 4 1 |a znanium.ru  |d /cover/2141  |f 2141102.jpg  |q image/jpeg  |u https://znanium.ru/cover/2141/2141102.jpg